000
00279nam a22001217a 4500
008
181121b xxu||||| |||| 00| 0 eng d
041
_a
eng
080
_a
338
100
_a
55
101
_a
MAN
245
_a
Mnaging A cOntemoporary Based Approach
_c
Slocum.j
942
_2
udc
_c
BK
999
_c
52289
_d
52289